书目信息 |
| 题名: |
世界当代史
|
|
| 作者: | 曹卫平 , 王哲 主编 | |
| 分册: | ||
| 出版信息: | 北京 高等教育出版社 1999 |
|
| 页数: | 350页 | |
| 开本: | 20cm | |
| 丛书名: | ||
| 单 册: | ||
| 中图分类: | K153 | |
| 科图分类: | ||
| 主题词: | 世界史:现代史 | |
| 电子资源: | ||
| ISBN: | 7-04-007118-5 | |
| 000 | 00678nam0 2200217 450 | |
| 001 | 0748751014 | |
| 005 | 20070625081926.03 | |
| 010 | @a7-04-007118-5@dCNY11.30 | |
| 100 | @a20070623d1999 km y0chiy0120 ea | |
| 101 | 0 | @achi |
| 102 | @aCN@b110000 | |
| 200 | 1 | @a世界当代史@Ashi jie dang dai shi@f曹卫平,王哲主编@Fcao wei ping,wang zhe zhu bian |
| 210 | @a北京@c高等教育出版社@d1999 | |
| 215 | @a350页@d20cm | |
| 300 | @a师范高等专科学校历史专业系列教材 全国师范高等专科学校文科教材编委会组编 | |
| 606 | 0 | @a世界史:现代史 |
| 690 | @aK153@v3 | |
| 701 | 0 | @a曹卫平@Acao wei ping@4主编 |
| 701 | 0 | @a王哲@Awang zhe@4主编 |
| 801 | 0 | @aCN@bPFT@c20070625 |
| 905 | @a10447@dK153@e173 | |
| 世界当代史/曹卫平,王哲主编.-北京:高等教育出版社,1999 |
| 350页;20cm |
| 师范高等专科学校历史专业系列教材 全国师范高等专科学校文科教材编委会组编 |
| ISBN 7-04-007118-5:CNY11.30 |
| ● |
| 相关链接 |
|
|
|
|
正题名:世界当代史
索取号:K153/173
 
预约/预借
| 序号 | 登录号 | 条形码 | 馆藏地/架位号 | 状态 | 备注 |
| 1 | 0675481 | 206754813 | 第二样本阅览室/ [索取号:K153/173] | 在馆 | |
| 2 | 0675482 | 206754822 | 密集书库/ [索取号:K153/173] | 在馆 | |
| 3 | 0675483 | 206754831 | 密集书库/ [索取号:K153/173] | 在馆 | |
| 4 | 0675484 | 206754840 | 密集书库/ [索取号:K153/173] | 在馆 | |
| 5 | 0675485 | 206754859 | 密集书库/ [索取号:K153/173] | 在馆 | |
| 6 | 0675486 | 206754868 | 库房3/ [索取号:K153/173] | 在馆 | |
| 7 | 0675487 | 206754877 | 库房3/ [索取号:K153/173] | 在馆 | |
| 8 | 0675488 | 206754886 | 库房3/ [索取号:K153/173] | 在馆 | |
| 9 | 0675489 | 206754895 | 库房3/ [索取号:K153/173] | 在馆 | |
| 10 | 0675490 | 206754902 | 库房3/ [索取号:K153/173] | 在馆 | |
| 11 | 0675491 | 206754911 | 库房3/ [索取号:K153/173] | 在馆 | |
| 12 | 0675492 | 206754920 | 库房3/ [索取号:K153/173] | 在馆 |